Spatial patterns ; a socio ecologiacl analysis (Record no. 354272)

MARC details
000 -LEADER
fixed length control field 004130000a22001450004500
020 ## - INTERNATIONAL STANDARD BOOK NUMBER
International Standard Book Number 8185135592
082 ## - DEWEY DECIMAL CLASSIFICATION NUMBER
Classification number 303.4 GIL
100 ## - MAIN ENTRY--PERSONAL NAME
Personal name Manmohan, Singh Gill
245 ## - TITLE STATEMENT
Title Spatial patterns ; a socio ecologiacl analysis
260 ## - PUBLICATION, DISTRIBUTION, ETC. (IMPRINT)
Place of publication, distribution, etc. Newdelhi, National Book Organisation
260 ## - PUBLICATION, DISTRIBUTION, ETC. (IMPRINT)
Date of publication, distribution, etc. 1991
300 ## - PHYSICAL DESCRIPTION
Extent 199
650 ## - SUBJECT ADDED ENTRY--TOPICAL TERM
Topical term or geographic name as entry element Spatial pattern sociological aspects / spacial pattern ecological aspects
942 ## - ADDED ENTRY ELEMENTS (KOHA)
Koha item type Books (General)
Holdings
Withdrawn status Lost status Damaged status Not for loan Home library Current library Date acquired Total Checkouts Full call number Barcode Date last seen Price effective from Koha item type
        College of Agriculture, Vellayani College of Agriculture, Vellayani 02/05/2014   303.4 GIL KAU_COAV-21478 02/05/2014 12/05/2022 Books (General)
Kerala Agricultural University Central Library
Thrissur-(Dt.), Kerala Pin:- 680656, India
Ph : (+91)(487) 2372219
E-mail: librarian@kau.in
Website: http://library.kau.in/